Antes da primeira partida do dia - Statistics

Estatísticas Gerais
  • Esse quiz foi jogado 36 vezes
  • A pontuação média é 9 de 10
Estatísticas das Respostas
Hint Resposta % Correto
7 Área clarear
100%
6 Bateria ligada
100%
1 Gases fechada
100%
5 Gasolina fechada
100%
Fraseologia Livre partida em seco
100%
4 Magnetos desligados
100%
2 Mistura pobre
100%
3 Passo mínimo
100%
Fraseologia Com a área devidamente clareada e a autorização do senhor, vou acionar o interruptor de partida até que sejam efetivadas 6 voltas ou 12 pasadas da hélice, no mínimo
67%
8 Interruptor de partida acionar até que sejam efetivadas 6 voltas ou 12 pasadas da hélice, no mínimo
50%
Nenhum quiz correspondente encontrado
Distribuição das Pontuações
Porcentagem de Pessoas com Cada Pontuação
Percentil de Números Respondidos
Sua Pontuação Histórica
Você não jogou esse quiz